El Desarrollo de la psicología clínica en Costa Rica: una experiencia personal

Guardado en:
書目詳細資料
主要作者: Sánchez Ruphuy, Rodrigo
格式: Texto
出版: Heredia: UNA. IDELA
標簽: 添加標簽
沒有標簽, 成為第一個標記此記錄!

MARC

LEADER 00000 a a2200000 04500
001 15906
003
040
090 |a 016100  
100 |a Sánchez Ruphuy, Rodrigo  
245 |a El Desarrollo de la psicología clínica en Costa Rica: una experiencia personal  
260 |a Heredia:   |b UNA. IDELA  
300 |a 26 p.  
999 |c 8278  |d 8278